[Event "Rated Blitz game"]
[Site "?"]
[Date "2021.07.16"]
[Round "?"]
[White "atroopat01"]
[Black "blastol"]
[Result "0-1"]
[WhiteElo "2292"]
[BlackElo "2420"]
[PlyCount "76"]
[EventDate "2021.??.??"]
[EventType "blitz"]

1. e4 e5 2. Nf3 d5 3. Nxe5 Bd6 4. d4 dxe4 5. f4 exf3 6. Nxf3 Nf6 7. Bg5 O-O 8.
Be2 h6 9. Bh4 Qe7 10. O-O Re8 11. Nc3 Bg4 12. Qd2 Bb4 13. Bc4 Nbd7 14. Rae1 Qd6
15. Bg3 Qb6 16. Kh1 Ne4 17. Rxe4 Rxe4 18. Bxf7+ Kh8 19. Nh4 Qxd4 20. Qxd4 Rxd4
21. Nb5 Rd1 22. Rxd1 Bxd1 23. Nxc7 Rc8 24. Nd5 Ba5 25. c3 Nf6 26. Ne7 Rd8 27.
h3 Bh5 28. Nhg6+ Bxg6 29. Nxg6+ Kh7 30. Be5 Nd7 31. Bd4 Bb6 32. Bxb6 Nxb6 33.
Nf4 Rf8 34. Bg6+ Kg8 35. Ne6 Rf6 36. Bh5 Rxe6 37. Bg4 Re1+ 38. Kh2 Rb1 {
Time forfeit} 0-1

[Event "Rated Blitz game"]
[Site "?"]
[Date "2021.07.16"]
[Round "?"]
[White "kofri2013"]
[Black "batasjon"]
[Result "0-1"]
[WhiteElo "2303"]
[BlackElo "2419"]
[PlyCount "22"]
[EventDate "2021.??.??"]
[EventType "blitz"]

1. e4 e5 2. Nf3 d5 3. Nxe5 Bd6 4. d4 dxe4 5. Bc4 Bxe5 6. dxe5 Qxd1+ 7. Kxd1 Nc6
8. Bf4 Nge7 9. Re1 Ng6 10. Rxe4 Bf5 11. Bd5 O-O-O {Normal} 0-1

[Event "Rated Blitz game"]
[Site "?"]
[Date "2021.07.16"]
[Round "?"]
[White "Marc400"]
[Black "Glidzhian_Gor"]
[Result "0-1"]
[WhiteElo "2512"]
[BlackElo "2639"]
[PlyCount "72"]
[EventDate "2021.??.??"]
[EventType "blitz"]

1. e4 e5 2. Nf3 d5 3. exd5 e4 4. Qe2 Nf6 5. d3 Qxd5 6. Nbd2 Bf5 7. Nh4 Nc6 8.
Nxf5 Qxf5 9. Nxe4 O-O-O 10. f3 Nd4 11. Qf2 Qa5+ 12. Bd2 Qa4 13. b3 Nxc2+ 14.
Kd1 Qd4 15. Qxd4 Nxd4 16. Nxf6 gxf6 17. Bc3 Bh6 18. Bxd4 Rxd4 19. g3 Re8 20. f4
Bf8 21. a3 Kb8 22. Kd2 a5 23. Bg2 c6 24. Bh3 Kc7 25. Bf5 h6 26. h4 Bc5 27. h5
Rd5 28. Bg4 Be3+ 29. Kc2 Rc5+ 30. Kd1 Rc3 31. Be2 Rxb3 32. g4 Bd4 33. Rc1 b5
34. g5 fxg5 35. fxg5 Rb2 36. gxh6 Rexe2 {Normal} 0-1

[Event "Rated Blitz game"]
[Site "?"]
[Date "2021.07.16"]
[Round "?"]
[White "sanjaypune"]
[Black "GrandeGila"]
[Result "1-0"]
[WhiteElo "2407"]
[BlackElo "2495"]
[PlyCount "115"]
[EventDate "2021.??.??"]
[EventType "blitz"]

1. e4 e5 2. Nf3 d5 3. Nxe5 Bd6 4. d4 dxe4 5. Bc4 Bxe5 6. dxe5 Qxd1+ 7. Kxd1 Nc6
8. Bf4 Nge7 9. Nc3 Bg4+ 10. Ke1 Ng6 11. Bg3 Ngxe5 12. Bd5 O-O-O 13. Bxe4 f5 14.
Bxc6 Nxc6 15. f3 Rhe8+ 16. Kf1 Bh5 17. Rd1 Nd4 18. Bxc7 Rd7 19. Bg3 Nxc2 20.
Rxd7 Kxd7 21. Kf2 g5 22. Rd1+ Kc6 23. Rd6+ Kc5 24. Rd5+ Kc4 25. Rxf5 h6 26. Ne4
Nd4 27. Rc5+ Kb4 28. Bd6 Nb5 29. a3+ Ka4 30. b3+ Ka5 31. a4 a6 32. axb5 axb5
33. Bc7+ Kb4 34. Bd6 Ka5 35. Nc3 Kb6 36. Nd5+ Ka5 37. Bc7+ Ka6 38. Rc1 b6 39.
Bxb6 Re5 40. Rc5 Kb7 41. Bc7 Re6 42. Ba5 Bg6 43. b4 Bd3 44. Rc7+ Kb8 45. Rc3
Bc4 46. Ne3 Ba2 47. Rc5 Rd6 48. Rxb5+ Kc8 49. Rc5+ Kb7 50. b5 h5 51. Rc7+ Kb8
52. Nf5 Rd1 53. Ne7 Bd5 54. Rd7 Ra1 55. Bc7+ Kb7 56. Be5+ Kb6 57. Bxa1 Bc6 58.
bxc6 {Normal} 1-0

[Event "Rated Blitz game"]
[Site "?"]
[Date "2021.07.16"]
[Round "?"]
[White "Phoenix1919"]
[Black "blastol"]
[Result "0-1"]
[WhiteElo "2304"]
[BlackElo "2415"]
[PlyCount "96"]
[EventDate "2021.??.??"]
[EventType "blitz"]

1. e4 e5 2. Nf3 d5 3. Nc3 dxe4 4. Nxe4 f5 5. Ng3 e4 6. Ng1 Nf6 7. Bc4 Qd4 8. d3
f4 9. c3 Qe5 10. d4 Qd6 11. Qe2 fxg3 12. hxg3 Be7 13. Bf4 Qb6 14. Nh3 Bg4 15.
Qd2 Nbd7 16. Ng5 h6 17. Nf7 Rf8 18. Ne5 O-O-O 19. a4 Nxe5 20. Bxe5 Nd5 21. a5
Qe6 22. O-O Bf6 23. Bf4 g5 24. Be3 Qc6 25. b3 a6 26. Rac1 h5 27. Be2 Bxe2 28.
Qxe2 h4 29. c4 Nb4 30. d5 Qd6 31. Rfd1 Nd3 32. Rc2 hxg3 33. fxg3 Qxg3 34. Bf2
Nxf2 35. Qxf2 Qxf2+ 36. Rxf2 Rde8 37. Re2 Be7 38. Rb1 Bc5+ 39. Kh2 Bd6+ 40. Kg1
Re7 41. b4 e3 42. c5 Bg3 43. Rb3 Bf2+ 44. Rxf2 exf2+ 45. Kh2 f1=Q 46. Rf3 Rh7+
47. Kg3 Rxf3+ 48. gxf3 Qg1# {Normal} 0-1

[Event "Rated Blitz game"]
[Site "?"]
[Date "2021.07.16"]
[Round "?"]
[White "emiliooo"]
[Black "beastchess1"]
[Result "1-0"]
[WhiteElo "2582"]
[BlackElo "2380"]
[PlyCount "109"]
[EventDate "2021.??.??"]
[EventType "blitz"]

1. e4 e5 2. Nf3 d5 3. Nxe5 Bd6 4. d4 dxe4 5. Nc4 Nf6 6. Nc3 O-O 7. Bg5 Be7 8.
Be2 Nc6 9. d5 Nb4 10. Ne3 h6 11. Bh4 a5 12. a3 Na6 13. g4 Re8 14. g5 hxg5 15.
Bxg5 Nxd5 16. Nexd5 Bxg5 17. h4 Bh6 18. Rg1 Qxh4 19. Qd4 c5 20. Qf6 Qh2 21. Rg3
Qxg3 22. fxg3 gxf6 23. Nxf6+ Kf8 24. Nxe8 Kxe8 25. Nxe4 Bf5 26. Bb5+ Kf8 27.
Nd6 Bxc2 28. Nxb7 Rb8 29. Bxa6 Re8+ 30. Kf1 Re6 31. Nxc5 Rf6+ 32. Kg2 Be3 33.
Nd7+ Kg7 34. Nxf6 Kxf6 35. Kf3 Bg5 36. b4 axb4 37. axb4 Bb3 38. b5 Bd5+ 39. Ke2
Bc4+ 40. Kf3 Bd5+ 41. Kf2 Ke7 42. b6 Bf6 43. b7 Bxb7 44. Re1+ Kd6 45. Bxb7 Bd4+
46. Kf3 Kc7 47. Re4 Bb2 48. Re7+ Kd6 49. Rxf7 Ke6 50. Rc7 Be5 51. Rc2 Kf6 52.
Bc8 Bb8 53. g4 Kg5 54. Rc5+ Kh4 55. Rh5# {Normal} 1-0

[Event "Rated Rapid game"]
[Site "?"]
[Date "2021.07.16"]
[Round "?"]
[White "dirtychesstricks"]
[Black "Delyvj"]
[Result "1-0"]
[WhiteElo "2372"]
[BlackElo "2503"]
[PlyCount "45"]
[EventDate "2021.??.??"]
[EventType "rapid"]

1. e4 e5 2. Nf3 d5 3. Nxe5 dxe4 4. Nc3 Bd6 5. Nc4 Nf6 6. Nxd6+ cxd6 7. d3 Bf5
8. dxe4 Nxe4 9. Qd5 Qe7 10. Be3 Bg6 11. Bb5+ Kf8 12. O-O a6 13. Ba4 Nxc3 14.
bxc3 Be4 15. Qd4 Nc6 16. Qb6 Rc8 17. Rfe1 f5 18. Bf4 Ne5 19. Rad1 g5 20. Bxe5
dxe5 21. Rd7 Qxd7 22. Bxd7 Rxc3 23. Qf6+ {Normal} 1-0

[Event "Rated Blitz game"]
[Site "?"]
[Date "2021.07.16"]
[Round "?"]
[White "RahmanAdel"]
[Black "jflup"]
[Result "0-1"]
[WhiteElo "2514"]
[BlackElo "2558"]
[PlyCount "52"]
[EventDate "2021.??.??"]
[EventType "blitz"]

1. e4 e5 2. Nf3 d5 3. exd5 e4 4. Qe2 Nf6 5. d3 Qxd5 6. Nc3 Bb4 7. Bd2 Bxc3 8.
Bxc3 O-O 9. Ne5 Re8 10. O-O-O Qxa2 11. dxe4 Be6 12. b3 a5 13. Qb5 Nc6 14. f3 a4
15. bxa4 Nxe5 16. Bxe5 Nd7 17. Bc3 c6 18. Qb2 Qxa4 19. Bd3 Nc5 20. Bxg7 b5 21.
Bh6 Qa1+ 22. Qxa1 Rxa1+ 23. Kb2 Ra2+ 24. Kc3 Na4+ 25. Kb4 Rb2+ 26. Ka5 Ra8# {
Normal} 0-1

[Event "Rated Blitz game"]
[Site "?"]
[Date "2021.07.16"]
[Round "?"]
[White "JarJarBeers"]
[Black "batasjon"]
[Result "1-0"]
[WhiteElo "2444"]
[BlackElo "2416"]
[PlyCount "101"]
[EventDate "2021.??.??"]
[EventType "blitz"]

1. e4 e5 2. Nf3 d5 3. exd5 e4 4. Qe2 Nf6 5. d3 Bb4+ 6. c3 O-O 7. dxe4 Bc5 8.
Bg5 Re8 9. Nbd2 h6 10. Bxf6 Qxf6 11. e5 Qb6 12. Nc4 Qb5 13. O-O-O Bf5 14. Ne3
Bxe3+ 15. Qxe3 Qa5 16. Bc4 b5 17. Bb3 Nd7 18. Rhe1 b4 19. e6 fxe6 20. dxe6 Nc5
21. cxb4 Qxb4 22. Qc3 Qf4+ 23. Qe3 Nxb3+ 24. axb3 Qb4 25. Rd4 Qa5 26. Ra4 Qb5
27. Nd4 Qc5+ 28. Rc4 Qa5 29. Nxf5 Qxf5 30. e7 a5 31. Qe6+ Qxe6 32. Rxe6 Kf7 33.
Re3 Rxe7 34. Rxe7+ Kxe7 35. Rxc7+ Kf6 36. Kd2 Ra6 37. Kc3 g5 38. Kc4 Kf5 39.
Kb5 Rd6 40. Rc5+ Kf4 41. Kxa5 Rd2 42. g3+ Kf3 43. Rf5+ Kg2 44. b4 Rxb2 45. b5
Kxh2 46. b6 Kg2 47. Rb5 g4 48. Rxb2 Kf3 49. b7 h5 50. b8=Q h4 51. Qf4+ {Normal}
1-0

[Event "Rated Blitz game"]
[Site "?"]
[Date "2021.07.16"]
[Round "?"]
[White "Crest32x2"]
[Black "Fantastic_power06"]
[Result "0-1"]
[WhiteElo "2567"]
[BlackElo "2725"]
[PlyCount "34"]
[EventDate "2021.??.??"]
[EventType "blitz"]

1. e4 e5 2. Nf3 d5 3. exd5 e4 4. Nd4 Nf6 5. Bc4 c6 6. dxc6 Qxd4 7. Bb3 Nxc6 8.
O-O Bd6 9. h3 O-O 10. d3 Qe5 11. g3 Bxh3 12. Re1 Qf5 13. Nc3 Nd4 14. Re3 Nf3+
15. Kh1 Ng4 16. Nxe4 Qxe4 17. dxe4 Nxf2# {Normal} 0-1

[Event "Rated Blitz game"]
[Site "?"]
[Date "2021.07.16"]
[Round "?"]
[White "SC-Hansa"]
[Black "GrandeGila"]
[Result "1-0"]
[WhiteElo "2308"]
[BlackElo "2488"]
[PlyCount "107"]
[EventDate "2021.??.??"]
[EventType "blitz"]

1. e4 e5 2. Nf3 d5 3. Nxe5 Bd6 4. d4 dxe4 5. Nc4 Nc6 6. Nxd6+ Qxd6 7. d5 Nce7
8. c4 c6 9. Nc3 Nf6 10. Bg5 cxd5 11. Bxf6 Qxf6 12. cxd5 O-O 13. Bc4 Rd8 14. O-O
Qg6 15. Qe2 Bf5 16. Rfe1 Rac8 17. Bb3 h5 18. Rad1 h4 19. Nxe4 Nxd5 20. Rxd5
Bxe4 21. Rxd8+ Kh7 22. Qxe4 Qxe4 23. Rxe4 Rxd8 24. Rxh4+ Kg6 25. g3 f6 26. Kg2
b6 27. Rg4+ Kh6 28. h4 g5 29. hxg5+ fxg5 30. Re4 Rd2 31. Re6+ Kh5 32. Rf6 g4
33. Rf7 a5 34. Rf5+ Kg6 35. Rb5 Rxb2 36. Rxb6+ Kg7 37. Ra6 Rd2 38. Rxa5 Rd4 39.
Ra4 Rd2 40. Rxg4+ Kf6 41. Re4 Kf5 42. Re3 Rb2 43. a4 Rb1 44. Bc4 Ra1 45. Bb5
Ra2 46. Re2 Ra3 47. f3 Kg5 48. Kf2 Kf6 49. f4 Kf5 50. g4+ Kxf4 51. Bc6 Kxg4 52.
Re4+ Kf5 53. Re3 Kf4 54. Rxa3 {Normal} 1-0

[Event "Rated Blitz game"]
[Site "?"]
[Date "2021.07.16"]
[Round "?"]
[White "TJ_93"]
[Black "ekdubov"]
[Result "0-1"]
[WhiteElo "2409"]
[BlackElo "2264"]
[PlyCount "68"]
[EventDate "2021.??.??"]
[EventType "blitz"]

1. e4 e5 2. Nf3 d5 3. exd5 e4 4. Qe2 Nf6 5. d3 Qxd5 6. Nfd2 Be7 7. Nc3 Qa5 8.
Ndxe4 O-O 9. Bd2 Qb6 10. O-O-O Nc6 11. Be3 Qa5 12. Kb1 Be6 13. Ng5 Bf5 14. f3
h6 15. g4 Bg6 16. Nge4 Rfe8 17. h4 Nd5 18. Nxd5 Qxd5 19. h5 Bh7 20. Qf2 Nb4 21.
Nc3 Qa5 22. a3 Nd5 23. Nxd5 Qxd5 24. Bg2 Bf6 25. f4 Qb5 26. Bc1 Re6 27. g5 hxg5
28. fxg5 Bxg5 29. Rdf1 Bf6 30. Rhg1 Rb6 31. d4 Qc4 32. Bh3 Qxd4 33. Qxd4 Bxd4
34. h6 Bxg1 {Time forfeit} 0-1

[Event "Rated Blitz game"]
[Site "?"]
[Date "2021.07.16"]
[Round "?"]
[White "DefiantChair"]
[Black "NaestvedVinderAltid"]
[Result "1-0"]
[WhiteElo "2453"]
[BlackElo "2366"]
[PlyCount "49"]
[EventDate "2021.??.??"]
[EventType "blitz"]

1. e4 e5 2. Nf3 d5 3. Nxe5 Bd6 4. d4 dxe4 5. Nc4 Ne7 6. Ne3 Nbc6 7. c4 Nxd4 8.
Nc3 Bb4 9. Bd2 O-O 10. Be2 f5 11. O-O f4 12. Ned5 Nxd5 13. Nxd5 f3 14. Bxb4
Nxe2+ 15. Kh1 fxg2+ 16. Kxg2 Bg4 17. Ne7+ Kh8 18. Qxd8 Bf3+ 19. Kh3 Raxd8 20.
Rae1 g5 21. Rxe2 Bxe2 22. Re1 Bf3 23. Kg3 g4 24. Nd5 Rf5 25. Bc3+ {Normal} 1-0

[Event "Rated Blitz tournament 323recdF"]
[Site "?"]
[Date "2021.07.16"]
[Round "?"]
[White "Nikolaj_6"]
[Black "dr_xStranger"]
[Result "1-0"]
[WhiteElo "2622"]
[BlackElo "2509"]
[PlyCount "58"]
[EventDate "2021.??.??"]
[EventType "blitz"]

1. e4 e5 2. Nf3 d5 3. exd5 e4 4. Qe2 Nf6 5. d3 Bb4+ 6. c3 O-O 7. dxe4 Bc5 8.
Nbd2 Re8 9. Qc4 Bb6 10. Be2 c6 11. O-O cxd5 12. Qb3 dxe4 13. Ng5 Be6 14. Nxe6
Rxe6 15. Bc4 Re7 16. a4 e3 17. fxe3 Bxe3+ 18. Kh1 Bxd2 19. Bxd2 Qxd2 20. Rad1
Qxd1 21. Rxd1 Nc6 22. h3 Rae8 23. Qc2 Ne5 24. Bf1 Ng6 25. Kh2 h6 26. Bc4 Kh7
27. a5 Re5 28. Bxf7 Ne4 29. Bxe8 Rxe8 {Normal} 1-0

[Event "Rated Blitz game"]
[Site "?"]
[Date "2021.07.16"]
[Round "?"]
[White "AyUsHaDoLsOnOv"]
[Black "Fantastic_power06"]
[Result "0-1"]
[WhiteElo "2577"]
[BlackElo "2727"]
[PlyCount "68"]
[EventDate "2021.??.??"]
[EventType "blitz"]

1. e4 e5 2. Nf3 d5 3. Nxe5 Bd6 4. d4 dxe4 5. Nc4 Nc6 6. Nxd6+ Qxd6 7. c3 Bf5 8.
Qb3 Nf6 9. Nd2 O-O 10. Nc4 Qd7 11. Ne3 Be6 12. Qc2 Rae8 13. Be2 h5 14. h3 h4
15. Bd2 a6 16. O-O-O b5 17. Kb1 Nd5 18. Nxd5 Bxd5 19. Be3 Bc4 20. d5 Ne5 21.
Bc5 Bd3 22. Bxd3 exd3 23. Qd2 Qxd5 24. Bxf8 Rxf8 25. f4 Nc4 26. Qxd3 Qxg2 27.
Qc2 Qxc2+ 28. Kxc2 Ne3+ 29. Kb3 Nxd1 30. Rxd1 Re8 31. Rd7 Re3 32. Rxc7 Rxh3 33.
Rc6 Rg3 34. Rxa6 h3 {Normal} 0-1

[Event "Rated Blitz tournament 323recdF"]
[Site "?"]
[Date "2021.07.16"]
[Round "?"]
[White "ATBENINA64"]
[Black "Secret2700"]
[Result "0-1"]
[WhiteElo "2485"]
[BlackElo "2541"]
[PlyCount "44"]
[EventDate "2021.??.??"]
[EventType "blitz"]

1. e4 e5 2. Nf3 d5 3. d3 dxe4 4. dxe4 Qxd1+ 5. Kxd1 Nc6 6. Bb5 Nf6 7. c3 Nxe4
8. Be3 Bg4 9. Kc2 Bf5 10. Kc1 O-O-O 11. Bxc6 bxc6 12. Nxe5 Be6 13. Nf3 f6 14.
Nbd2 Nc5 15. Bxc5 Bxc5 16. Ne4 Bb6 17. Nfd2 Rhe8 18. f3 Be3 19. Re1 Bh6 20. Re2
Bc4 21. Rf2 f5 22. f4 Bd3 {Normal} 0-1

[Event "Rated Blitz tournament I8SSdLHd"]
[Site "?"]
[Date "2021.07.15"]
[Round "?"]
[White "MisterMarple1963"]
[Black "dr_xStranger"]
[Result "0-1"]
[WhiteElo "2500"]
[BlackElo "2525"]
[PlyCount "46"]
[EventDate "2021.??.??"]
[EventType "blitz"]

1. e4 e5 2. Nf3 d5 3. d4 dxe4 4. Nxe5 Bd6 5. Nc4 Nf6 6. Nxd6+ Qxd6 7. Be2 O-O
8. h3 Nc6 9. c3 Bf5 10. Be3 Rfe8 11. O-O Qd7 12. Kh2 Rad8 13. Nd2 h6 14. b4 Ne7
15. Qb3 Ned5 16. c4 Ne7 17. d5 c6 18. dxc6 Nxc6 19. Rad1 Nd4 20. Bxd4 Qxd4 21.
Nf3 exf3 22. Rxd4 fxe2 23. Rfd1 Rxd4 {Time forfeit} 0-1

[Event "Rated Blitz game"]
[Site "?"]
[Date "2021.07.15"]
[Round "?"]
[White "rkchess123"]
[Black "FourNinetySix"]
[Result "1-0"]
[WhiteElo "2334"]
[BlackElo "2501"]
[PlyCount "91"]
[EventDate "2021.??.??"]
[EventType "blitz"]

1. e4 e5 2. Nf3 d5 3. exd5 Bd6 4. Bc4 Nf6 5. d3 O-O 6. Nc3 Nbd7 7. Bg5 h6 8.
Bh4 Nb6 9. Bb3 a5 10. a4 Bg4 11. h3 Bh5 12. g4 Bg6 13. Qd2 Bb4 14. O-O Qd6 15.
Qe3 Nbxd5 16. Nxd5 Nxd5 17. Qxe5 Nf4 18. Kh2 Rfe8 19. Qxd6 Bxd6 20. Bg3 h5 21.
Rfe1 hxg4 22. hxg4 Kf8 23. Re3 f6 24. Rae1 Bf7 25. Bxf7 Kxf7 26. Rxe8 Rxe8 27.
Rxe8 Kxe8 28. Nd4 g5 29. Nf5 Bc5 30. Bxf4 gxf4 31. Kg2 c6 32. Kf3 b5 33. b3 Kd7
34. d4 Bd6 35. Nxd6 Kxd6 36. Kxf4 Kd5 37. Ke3 b4 38. f4 Ke6 39. Ke4 f5+ 40.
gxf5+ Kf6 41. d5 cxd5+ 42. Kxd5 Kxf5 43. Kc5 Kxf4 44. Kb5 Ke3 45. Kxa5 Kd2 46.
Kxb4 {Normal} 1-0

[Event "Rated Blitz game"]
[Site "?"]
[Date "2021.07.15"]
[Round "?"]
[White "TheSchout"]
[Black "KinzyabulatovRenat"]
[Result "0-1"]
[WhiteElo "2495"]
[BlackElo "2371"]
[PlyCount "44"]
[EventDate "2021.??.??"]
[EventType "blitz"]

1. e4 e5 2. Nf3 d5 3. d4 dxe4 4. Nxe5 Bd6 5. Nc3 Bxe5 6. dxe5 Qxd1+ 7. Kxd1 Nc6
8. Bf4 Nge7 9. Nxe4 Ng6 10. Bg3 h5 11. h3 h4 12. Bh2 Ngxe5 13. Bb5 Bf5 14. Re1
O-O-O+ 15. Kc1 Rhe8 16. f3 a6 17. Ba4 b5 18. Bb3 Bxe4 19. Rxe4 f5 20. Re1 Nd3+
21. cxd3 Rxe1+ 22. Kc2 Rxa1 {Normal} 0-1

[Event "Rated Blitz game"]
[Site "?"]
[Date "2021.07.15"]
[Round "?"]
[White "dumbchess7"]
[Black "Type_Smart"]
[Result "1-0"]
[WhiteElo "2465"]
[BlackElo "2319"]
[PlyCount "101"]
[EventDate "2021.??.??"]
[EventType "blitz"]

1. e4 e5 2. Nf3 d5 3. Nc3 d4 4. Nd5 c6 5. Nxe5 cxd5 6. Qh5 g6 7. Nxg6 fxg6 8.
Qe5+ Kf7 9. Qxh8 Nf6 10. e5 Qe7 11. Qxf6+ Qxf6 12. exf6 Kxf6 13. Bd3 Nc6 14.
O-O Nb4 15. a3 Nxd3 16. cxd3 Bf5 17. b4 a5 18. Bb2 axb4 19. Bxd4+ Kf7 20. axb4
Rd8 21. Rfc1 Rd7 22. Bc5 Bxd3 23. Bxf8 Kxf8 24. Ra8+ Kf7 25. Rac8 Ke6 26. R1c7
b5 27. Rxd7 Kxd7 28. Rh8 h5 29. f4 Ke6 30. Kf2 d4 31. Rd8 Be4 32. Rxd4 Kf5 33.
Ke3 Bxg2 34. Rd8 Kg4 35. d4 Kh3 36. d5 Kxh2 37. d6 Kg3 38. Rg8 Bc6 39. Rxg6+
Kh3 40. f5 h4 41. f6 Be8 42. Rg7 Kh2 43. f7 Bxf7 44. Rxf7 Kh1 45. Rh7 h3 46.
Rxh3+ Kg1 47. Rf3 Kg2 48. d7 Kh2 49. d8=Q Kg2 50. Qd5 Kh1 51. Qxb5 {Normal} 1-0

[Event "Rated Blitz game"]
[Site "?"]
[Date "2021.07.15"]
[Round "?"]
[White "Dmitry_Gritsenko"]
[Black "KinzyabulatovRenat"]
[Result "1-0"]
[WhiteElo "2453"]
[BlackElo "2357"]
[PlyCount "37"]
[EventDate "2021.??.??"]
[EventType "blitz"]

1. e4 e5 2. Nf3 d5 3. exd5 e4 4. Qe2 Nf6 5. d3 Qxd5 6. Nbd2 Nc6 7. Nxe4 Be6 8.
Nxf6+ gxf6 9. Qe4 Qh5 10. Be2 O-O-O 11. O-O Rg8 12. Nd4 Qh3 13. Nxe6 fxe6 14.
Bf3 Bd6 15. Bf4 Bxf4 16. Qxf4 Nd4 17. Kh1 Ne2 18. Qe4 Nd4 19. gxh3 {Normal} 1-0

[Event "Rated Blitz tournament I8SSdLHd"]
[Site "?"]
[Date "2021.07.15"]
[Round "?"]
[White "DaddyNyro"]
[Black "dr_xStranger"]
[Result "0-1"]
[WhiteElo "2386"]
[BlackElo "2529"]
[PlyCount "34"]
[EventDate "2021.??.??"]
[EventType "blitz"]

1. e4 e5 2. Nf3 d5 3. exd5 e4 4. Qe2 Nf6 5. d3 Bb4+ 6. c3 O-O 7. dxe4 Bc5 8.
Bg5 Re8 9. Nbd2 c6 10. dxc6 Nxc6 11. O-O-O Be6 12. e5 Qa5 13. exf6 Qxa2 14. Qd3
g6 15. h4 Bf5 16. Qc4 Qa1+ 17. Nb1 Qxb1+ {Normal} 0-1

[Event "Rated Blitz game"]
[Site "?"]
[Date "2021.07.15"]
[Round "?"]
[White "lacampora"]
[Black "DanielPerchman"]
[Result "0-1"]
[WhiteElo "2359"]
[BlackElo "2460"]
[PlyCount "76"]
[EventDate "2021.??.??"]
[EventType "blitz"]

1. e4 e5 2. Nf3 d5 3. exd5 e4 4. Nd4 Nf6 5. Nc3 Bc5 6. Nb3 Bb6 7. Be2 O-O 8.
O-O c6 9. d3 cxd5 10. Bg5 exd3 11. Bxd3 Be6 12. Nb5 Nc6 13. c3 h6 14. Bh4 a6
15. N5d4 Nxd4 16. Nxd4 Bxd4 17. cxd4 g5 18. Bg3 Ne4 19. Qh5 Kg7 20. Rac1 Rc8
21. Rxc8 Bxc8 22. h4 Bf5 23. hxg5 Qxg5 24. Be5+ f6 25. Qxg5+ hxg5 26. Bc7 Rc8
27. Bb6 Ng3 28. fxg3 Bxd3 29. Re1 Be4 30. Bc5 b6 31. Bxb6 Rc2 32. Bd8 Rxg2+ 33.
Kf1 Rxb2 34. Rc1 Kg6 35. Rc7 Kf5 36. Rc6 Kg4 37. Rxf6 Kxg3 38. Ke1 g4 {Time
forfeit} 0-1

[Event "Rated Blitz game"]
[Site "?"]
[Date "2021.07.15"]
[Round "?"]
[White "Kusanta"]
[Black "Type_Smart"]
[Result "1-0"]
[WhiteElo "2416"]
[BlackElo "2330"]
[PlyCount "89"]
[EventDate "2021.??.??"]
[EventType "blitz"]

1. e4 e5 2. Nf3 d5 3. exd5 e4 4. Qe2 Nf6 5. Nc3 Be7 6. Nxe4 Nxd5 7. d4 O-O 8.
Bd2 Nc6 9. O-O-O Re8 10. Be3 Ba3 11. Qd3 Rxe4 12. Qxe4 Nc3 13. Qd3 Nxd1 14.
Qxa3 Nxe3 15. Qxe3 Bg4 16. c3 Bxf3 17. Qxf3 Qd6 18. Bc4 Rf8 19. Re1 a6 20. Kb1
b5 21. Bb3 b4 22. g3 a5 23. Qd5 bxc3 24. Qxd6 c2+ 25. Kxc2 cxd6 26. Kd3 Nb4+
27. Kd2 g6 28. a3 Nc6 29. Bd5 Nxd4 30. Kd3 Nb5 31. Re7 Kg7 32. a4 Na3 33. bxa3
Kf6 34. Ra7 h5 35. f4 h4 36. g4 Kg7 37. Kd4 Kf6 38. Rxa5 g5 39. f5 Rb8 40. Ra7
Kg7 41. Rxf7+ Kh6 42. Rd7 Rb2 43. Bg8 Rb7 44. Rxb7 d5 45. Rh7# {Normal} 1-0

[Event "Rated Rapid game"]
[Site "?"]
[Date "2021.07.15"]
[Round "?"]
[White "abelo-07"]
[Black "Dr_Lenk"]
[Result "1-0"]
[WhiteElo "2413"]
[BlackElo "2310"]
[PlyCount "87"]
[EventDate "2021.??.??"]
[EventType "rapid"]

1. e4 e5 2. Nf3 d5 3. Nxe5 Bd6 4. d4 dxe4 5. Nc4 Be7 6. Nc3 f5 7. Bf4 b5 8. Ne3
a6 9. Ncd5 Bb7 10. Nxc7+ Kf7 11. Nxa8 Bd6 12. Bxd6 Qxd6 13. Nxf5 Qf4 14. Nb6
Qxf5 15. a4 b4 16. Bc4+ Kg6 17. O-O Nf6 18. f3 Re8 19. fxe4 Qg5 20. Bd3 Kh6 21.
Rf3 g6 22. Rg3 Qa5 23. Nc4 Qd8 24. e5 Nh5 25. Qd2+ Kg7 26. Nd6 Nxg3 27. Nxe8+
Qxe8 28. hxg3 Nc6 29. c3 Ne7 30. Qg5 Nd5 31. c4 h6 32. Qxg6+ Qxg6 33. Bxg6 Kxg6
34. cxd5 Bxd5 35. Rf1 a5 36. Rf6+ Kg5 37. Kf2 h5 38. Ra6 Kf5 39. Ke3 Bxg2 40.
Rxa5 Kg4 41. e6 Bc6 42. d5 Be8 43. d6 Kxg3 44. d7 {Normal} 1-0

[Event "Rated Blitz tournament I8SSdLHd"]
[Site "?"]
[Date "2021.07.15"]
[Round "?"]
[White "erroras"]
[Black "dr_xStranger"]
[Result "0-1"]
[WhiteElo "2307"]
[BlackElo "2529"]
[PlyCount "54"]
[EventDate "2021.??.??"]
[EventType "blitz"]

1. e4 e5 2. Nf3 d5 3. d4 dxe4 4. Nxe5 Bd6 5. Nc4 Nf6 6. Nc3 O-O 7. Bg5 h6 8.
Bh4 Re8 9. Be2 Nc6 10. O-O Nxd4 11. Bxf6 Qxf6 12. Nd5 Nxe2+ 13. Qxe2 Qg5 14.
Nxd6 cxd6 15. Nc7 Bh3 16. g3 Rac8 17. Nxe8 Rxe8 18. f4 Qc5+ 19. Kh1 Bxf1 20.
Rxf1 e3 21. Rd1 Qc6+ 22. Kg1 d5 23. c3 Qc4 24. Kf1 Qxa2 25. Rd3 Qb1+ 26. Kg2
Qxd3 27. Qxd3 e2 {Normal} 0-1

[Event "Rated Blitz game"]
[Site "?"]
[Date "2021.07.15"]
[Round "?"]
[White "feign"]
[Black "vovaches"]
[Result "0-1"]
[WhiteElo "2286"]
[BlackElo "2609"]
[PlyCount "46"]
[EventDate "2021.??.??"]
[EventType "blitz"]

1. e4 e5 2. Nf3 d5 3. Nxe5 Bd6 4. d4 dxe4 5. Bc4 Bxe5 6. dxe5 Qxd1+ 7. Kxd1 Nc6
8. c3 Nxe5 9. Bb3 Nf6 10. h3 Bf5 11. Ke2 O-O-O 12. Bf4 Nd3 13. Nd2 Nxf4+ 14.
Ke3 Nxg2+ 15. Ke2 Nf4+ 16. Ke3 N4d5+ 17. Ke2 Bg6 18. Nc4 Rhe8 19. Ne3 Nxe3 20.
fxe3 Bh5+ 21. Kf2 Rd2+ 22. Kg3 Bg6 23. Rhf1 Re5 {Normal} 0-1

[Event "Rated Blitz game"]
[Site "?"]
[Date "2021.07.15"]
[Round "?"]
[White "promoKC"]
[Black "Almalik25"]
[Result "1-0"]
[WhiteElo "2469"]
[BlackElo "2333"]
[PlyCount "93"]
[EventDate "2021.??.??"]
[EventType "blitz"]

1. e4 e5 2. Nf3 d5 3. d3 Nf6 4. exd5 Qxd5 5. a3 Nc6 6. Nc3 Qe6 7. Be2 Bd7 8.
Ng5 Qe7 9. O-O h6 10. Nge4 O-O-O 11. Nxf6 gxf6 12. Be3 Rg8 13. Kh1 f5 14. f4
Nd4 15. Bxd4 exd4 16. Nd5 Qd6 17. Bf3 Bc6 18. Nb4 Bxf3 19. Rxf3 a5 20. Na2 Rg4
21. Qd2 b6 22. Re1 Qg6 23. Nc1 Bd6 24. h3 Rg3 25. Qf2 Rxf3 26. Qxf3 Rg8 27. Re2
Qg3 28. Qxg3 Rxg3 29. Rf2 Kd7 30. Ne2 Re3 31. Kg1 c5 32. Kf1 b5 33. Ng3 Ke6 34.
Nh5 c4 35. dxc4 bxc4 36. Re2 Rxe2 37. Kxe2 c3 38. bxc3 dxc3 39. a4 Kd5 40. Kd3
Bb4 41. g3 Ke6 42. Ng7+ Kf6 43. Ne8+ Ke7 44. Nc7 Kd7 45. Nd5 Kd6 46. Nxc3 Ke6
47. Ne2 {Time forfeit} 1-0

[Event "Rated Blitz game"]
[Site "?"]
[Date "2021.07.15"]
[Round "?"]
[White "TERMINATOR_2010"]
[Black "Fantastic_power06"]
[Result "0-1"]
[WhiteElo "2632"]
[BlackElo "2714"]
[PlyCount "120"]
[EventDate "2021.??.??"]
[EventType "blitz"]

1. e4 e5 2. Nf3 d5 3. Nxe5 Bd6 4. d4 dxe4 5. Nc4 Nc6 6. Be2 Nxd4 7. Nc3 Bb4 8.
O-O Nf6 9. Bg5 Bxc3 10. bxc3 Nxe2+ 11. Qxe2 O-O 12. Rad1 Qe7 13. Rfe1 h6 14.
Bh4 Be6 15. Ne3 Rad8 16. c4 c6 17. Bg3 Rxd1 18. Rxd1 Rd8 19. Bh4 Rxd1+ 20. Qxd1
g5 21. Bg3 Qd7 22. Qe1 Qd4 23. h4 Nh5 24. c3 Qc5 25. Bh2 Nf4 26. hxg5 hxg5 27.
Qd1 Nd3 28. Qh5 Qe7 29. Qh6 Bd7 30. Nf1 Ne5 31. Ne3 Ng6 32. Bg3 Qf6 33. Kh2 Qh8
34. Qxh8+ Kxh8 35. c5 Kg7 36. Bb8 a6 37. Nc4 f5 38. Ne5 Be6 39. Nxg6 Kxg6 40.
Be5 f4 41. g3 Kf5 42. gxf4 gxf4 43. Bd4 Bxa2 44. Kg1 Bc4 45. Kg2 a5 46. f3 a4
47. fxe4+ Kxe4 48. Kf2 f3 49. Ke1 a3 50. Kd2 a2 51. Ke1 a1=Q+ 52. Kf2 Qh1 53.
Kg3 f2 54. Bxf2 Qf3+ 55. Kh4 Qxf2+ 56. Kg5 Qf4+ 57. Kg6 Bd5 58. Kg7 b6 59. Kh8
Qf7 60. c4 Qg8# {Normal} 0-1